000 00600nam a22002051 4500
001 bimo0001226011
003 OSt
005 20140731213003.0
008 940725s1960 sp spa
040 _aSpMaBN
_cBMC
082 _2920 Miguel de Cervantes
100 _aNavarro y Ledesma, F.
_d1869-1905
_9345
245 1 3 _aEl ingenioso hidalgo Miguel de Cervantes Saavedra
_cFrancisco Navarro y Ledesma
250 _a3ยช ed
260 0 _aMadrid
_bEspasa-Calpe
_c1960
300 _a348 p.
_c18 cm
490 0 _aAustral
_v401
600 _963
_aCervantes Saavedra, Miguel
_d1547-1616
942 _2ddc
_cBK
999 _c287
_d287